[Recenzia na publikáciu Občianska výchova a vzdelávanie mládeže k občianstvu]

Salvato in:
Dettagli Bibliografici
Autore principale: Štefančík, Radoslav, 1976-
Natura: Capitolo di libro
Lingua:inglese
Soggetti:
Tags: Aggiungi Tag
Nessun Tag, puoi essere il primo ad aggiungerne!!

MARC

LEADER 00000naa a2200000 4500
001 0166605
005 20240502072912.2
041 0 |a eng 
044 |a SK 
245 1 0 |a [Recenzia na publikáciu Občianska výchova a vzdelávanie mládeže k občianstvu]  |c Radoslav Štefančík 
610 2 0 |a občianstvo štátne 
610 2 0 |a mládež 
610 2 0 |a vzdelávanie 
610 2 0 |a výchova 
610 2 0 |a recenzie 
100 1 |a Štefančík, Radoslav, 1976-